Auscultación de las filtaciones por medio de electrodos fijos e inalterables. Aplicado a la presa del Proyecto Hidroelétrico Arenal
Guardado en:
| Hovedforfatter: | |
|---|---|
| Format: | Ukendt |
| Udgivet: |
[San José : Costa Rica]
1982
|
| Fag: | |
| Tags: |
Tilføj Tag
Ingen Tags, Vær først til at tagge denne postø!
|
MARC
| LEADER | 00000 a2200000 4500 | ||
|---|---|---|---|
| 003 | 001816 | ||
| 005 | 20221231143749.0 | ||
| 008 | 140114s1982 cr a m 000 ||s d | ||
| 040 | |c cru CEDI | ||
| 090 | |a TFG 1211 | ||
| 100 | |a Climent Martin, Alvaro |9 15521 | ||
| 245 | |a Auscultación de las filtaciones por medio de electrodos fijos e inalterables. Aplicado a la presa del Proyecto Hidroelétrico Arenal | ||
| 260 | |c 1982 |a [San José : Costa Rica] | ||
| 300 | |a 89, 18 hojas de laminas, 9 hojas : ilustraciones (algunas a color) ; 28 cm | ||
| 500 | |a Proyecto de graduación (licenciatura en ingeniería civil)--Universidad de Costa Rica. Facultad de Ingeniería Escuela de Ingeniería Civil | ||
| 650 | |x INSTITUTO COSTARRICENSE DE ELECTRICIDAD.. PROYECTO HIDROELECTRICO ARENAL |x FILTRACION |9 15522 | ||
| 942 | |c TFG | ||
| 999 | |c 11448 |d 11448 | ||
